Most Famous Nba Player By Country - All Time - Statistics

General Stats
  • This quiz has been taken 40 times
  • The average score is 9 of 14
Answer Stats
Hint Answer % Correct
United States Michael Jordan
100%
Greece Giannis Antetokounmpo
95%
Solvenia Luka Donćić
89%
Germany Dirk Nowitzki
86%
Cameroon Joel Embiid
78%
Spain Marc Gasol
76%
Nigeria Hakeem Olajuwon
73%
Serbia Nikolá Jokic
73%
Canada Steve Nash
73%
Democratic Republic of the Congo Dikembe Mutombo
57%
Dominican Republic Al Horford
54%
Italy Danilo Gallinari
46%
Australia Andrew Bogut
22%
France Dominique Wilkins
11%
No matching quizzes found
Score Distribution
Percent of People with Each Score
Percentile by Number Answered
Your Score History
You have not taken this quiz